Statistiques concernant Les 10 plus grosses Défaites de l'Equipe de france

Cliquez ici pour prendre le quiz!

Statistiques générales

  • Ce quiz a été pris 60 fois
  • Le résultat moyen est 9 sur 10

Statistiques - réponses

ConfédérationsClassement FIFA
en 2023
ScoreRéponseDate% Correct
UEFA40-15Angleterre1 Novembre 1906
98%
UEFA412-0Angleterre23 Mars 1908
98%
UEFA40-11Angleterre22 Mai 1909
98%
UEFA410-1Angleterre16 Avril 1910
98%
UEFA108-1Espagne22 Mars 1925
96%
UEFA87-0Italie14 Avril 1929
96%
UEFA78-1Pays-Bas2 Avril 1923
85%
UEFA3613-1Hongrie12 Juin 1927
74%
UEFA1917-1Danemark22 Octobre 1908
67%
UEFA199-0Danemark19 Octobre 1908
67%

Distribution des résultats

Percentile par nombre de réponses

% des personnes avec chaque résultat

Votre développement - résultats

Vous n’avez pas pris ce quiz